Putting Total Quality Management to work

Bibliographic Details
Main Author: Sashkin, Marshall
Other Authors: Kiser , Kenneth
Format: Book
Published: San Francisco : Berrett-Koehler , 1993
Subjects:

MARC

LEADER 00000cam a2200000 7i4500
001 0000011532
005 20050429.0
020 |a 1881052230 
040 |a INS 
090 0 0 |a HD62.15   |b S27 1993 
100 1 |a Sashkin, Marshall 
245 1 0 |a Putting Total Quality Management to work   |c Marshall Sashkin 
260 |a San Francisco :   |b Berrett-Koehler ,   |c 1993 
300 |a xiv :   |b 201p ;   |c 22cm. 
650 0 0 |a Total quality management 
700 1 |a Kiser ,   |c Kenneth 
999 |a 0000011410   |b BOOK   |c Open Shelf   |e Default branch